Primer sínodo de la Diócesis de Pasto (Registro nro. 302976)

Detalles MARC
000 -ENCABEZADO
Número de control [NR] 01522nam a2200229 4500
005 - FECHA Y HORA DE LA ÚLTIMA TRANSACCIÓN
control field 20160309142600.0
008 - DE LONGITUD FIJA DE DATOS DE ELEMENTOS - INFORMACIÓN GENERAL
Elementos de longitud fija [NR] 160309s1915 ck |||fr|||| 001 0 spa d
040 ## - FUENTE DE CATALOGACION [NR]
Agencia de catalogación original [NR] CO-BoUCM
Idioma de catalogación [NR] spa
Quien Cataloga Sandra Yazo
Quien Clasifica Sandra Yazo
041 0# - CODIGO DE IDIOMA [R]
Código de idioma para texto/pista de sonido o título separado [R] Español
082 04 - NUMERO DE CLASIFICACION DECIMAL DEWEY [R]
Número de la edición [NR] 20
Número de clasificación [R] 262.4
092 ## - SIGNATURA TOPOGRAFICA LOCAL
Número de clasificación local E38N108
110 2# - ASIENTO PRINCIPAL--NOMBRE CORPORATIVO [NR]
Nombre corporativo o de jurisdicción como elemento de entrada [NR] Diócesis de Pasto
ID de autoridad 76129
245 10 - MENCION DE TITULO [NR]
Título [NR] Primer sínodo de la Diócesis de Pasto
260 ## - PUBLICACION, DISTRIBUCION, ETC. (PIE DE IMPRENTA) [R]
Lugar de publicación, distribución, etc. [R] Bogotá (Colombia)
Nombre del editor, distribuidor, etc. [R] Imprenta de San Bernardo
Fecha de publicación, distribución, etc. [R] 1915
300 ## - DESCRIPCION FISICA [R]
Extensión [R] lxiv, 360 páginas
Dimensiones [R] 24 x 17 cm.
500 ## - NOTA GENERAL [R]
Nota general [NR] Encuadernación flexible en cartulina. Tapa delantera don datos de publicación impresos, enmarcados en un recuadro. Anteportada con una anotación manuscrita. Texto impreso en una sola columna. Notas al pie de página. Algunas hojas manchadas. Ejemplar empieza a desencuadernarse
505 ## - NOTA DE CONTENIDO CON FORMATO PREESTABLECIDO [R]
Nota de contenido con formato preestablecido [NR] Nota del eminentísimo Cardenal Secretario de Estado ; Edicto por el cual el Prelado convoca al clero para el Sínodo ; Alocución del ilustrísimo Señor Obispo en la primera sesión solemne ; Decreto: No. 1 Apertura del Sínodo ; No.2 Obediencia del Pontífice Romano ; No. 3 Sobre preces públicas ; No. 4 Sobre residencia y conducta del clero ; No. 5 Sobre oficiales del Sínodo ; Actos del primer Sínodo de Pasto ; Alocuciones: R. P. Luis Menéndez, R. P. Larraniaga, R. P. Juan Bautista Rosero ; Sanción y promulgación del Sínodo --
506 ## - NOTA DE RESTRICCIONES DE ACCESO [R]
Condiciones de acceso [NR] Consulta en sala
650 #7 - ASIENTO SECUNDARIO DE MATERIA - TERMINO TEMATICO [R]
9 (RLIN) 11478
Término temático o nombre geográfico como elemento de entrada [NR] Concilios y sínodos episcopales católicos
690 ## - ASUNTO AGREGADO LOCAL DE ENTRADA - TÉRMINO TEMÁTICO (OCLC, RLIN)
Acceso temático local Iglesias
9 (RLIN) 17149
942 ## - ELEMENTOS DE ENTRADA AGREGADOS (KOHA)
Sistema de clasificación LOCAL
Tipo de ítem principal el descrito en 300a Libro
Edición 1
Clasificación E38N108
Existencias
Suprimido Perdido Sistema de clasificación Dañado No prestable Tipo de ítem específico Ubicación habitual Ubicación actual Localización Fecha de creación Forma de adquisición Costo Total préstamos Signatura topográfica Código de barras Última vez visto Ejemplar Price effective from Tipo de ítem
    LOCAL     Libro archivo Archivo Histórico Archivo Histórico Archivo histórico 09/03/2016 Donación 0.00   E38N108 L005433 09/03/2016 Ej.1 09/03/2016 Libro